| 000 | 00650nam a22002297a 4500 | ||
|---|---|---|---|
| 999 |
_c8075 _d8075 |
||
| 003 | AR-CdUCM | ||
| 008 | 190322b ||||| |||| 00| 0 spa d | ||
| 040 |
_aMUNICIPALIDAD PROVINCIAL DEL CUSCO _cBIBLIOTECA MUNICIPAL DEL CUSCO |
||
| 041 | _heng. | ||
| 082 |
_a977 / _bB65 |
||
| 100 |
_aBlumcke, A. _922798 |
||
| 245 | _aIndustria textil / | ||
| 260 |
_aMéxico : _bUTHEA, _c1962. |
||
| 300 |
_a149 paginas ; _c16 cm. |
||
| 505 | _aContenido :Fibras textiles --La hilatura / | ||
| 650 |
_aTextileria _922799 |
||
| 650 |
_aFibras _922800 |
||
| 650 |
_aHiladura _922801 |
||
| 700 |
_aBenito Schmelz _922802 |
||
| 942 |
_2ddc _cLIBROS |
||
| 945 | _arjall | ||